000 00394nam a22001217a 4500
082 _aCP-31
_bSTAT-835
100 _aDr Muhammad Irfan
_917128
245 _aProbability & Statistics STAT-835 Fall 2014 MS.Construction Engg MGMT MS.CEM
_cDr Muhammad Irfan
250 _aFall 2014 MS.Construction Engg MGMT
260 _aRisalpur
_bMCE
_c2016
526 _a0
_b1
_c0
_dCP_31_STAT835
942 _2ddc
_cBK
999 _c553658
_d553658